1805 1109 1103 1877 1876 1663 1807 1933 1721 1350 1745 1805 1263 1637 1311 1154 1840 1680 1903 1090 1558 1768 1952 1813 1005 1664 1864 1233 1339 1147 1198 1767 1566 1982 1003 1247 1827 1927 1716 1451 1903 1473 1584 1893 1577 1574 1342 1814 1787 1376 1869 1351 1638 1473 1017 1075 1038 1686 1255 1546 1618 1607 1460 1868 1216 1037 1866 1779 1667 1858 1175 1603 1482 1837 1867 1569 1502 1444 1596 1210 1555 1897 1636 1926 1927 1987 1717 1314 1879 1936 1533 1229 1680 1999 1986 1088 1456 1962 1659 BCNSPRNW ULIB Ver.6.0+V

เปลี่ยนเป็นภาษาไทย

Change to English
 แสดงรายละเอียดบรรณานุกรม
  กลับหน้าหลัก

Brief Record : Get Marc (ISO 2709) : E-mail record : QR code < ปิดหน้าต่าง
LEADER : 00000nam 2200000uu 4500
001    13399114281
003     ULIB
008    120321s||||||||th 000 0 tha d
020    ^a9789748287850
050  4 ^aTP248.16^bว336ศ
100 0  ^aวรุณวรรณ ผาโคตร
245 10 ^aศัพท์ :^bเทคโนโลยีชีวภาพ สิ่งแวดล้อมและการแพทย์ทางเลือก /^cวรุณวรรณ ผาโคตร
246 30 ^aศัพท์ :^bเทคโนโลยีชีวภาพ อาชีวอนามัย
246 31 ^aVocabulary in biotechnology environment and alternative
246 31 ^aVocabulary in biotechnology environment occupational
250    ^aพิมพ์ครั้งที่ 1
260    ^aกรุงเทพฯ :^bเค. เอส. พี. การพิมพ์,^c2552
300    ^a197 หน้า ;^c15 ซม.
650  4 ^aเทคโนโลยีชีวภาพ^vพจนานุกรม
650  4 ^aสิ่งแวดล้อม^vพจนานุกรม
650  4 ^aการแพทย์ทางเลือก^vพจนานุกรม
700 0  ^aสิรนาท นุชนาถ
945    ^p199^l0^i031316
945    ^p199^l0^i031317
945    ^p199^l0^i031318
995    ^aทศพร
999 ^a ทศพร
รายการนี้ยังไม่มีแท็ก
คุณยังไม่ได้ล็อกอิน คุณสามารถมีกิจกรรมร่วมกับเว็บไซต์ได้ แต่ต้องล็อกอินก่อน ::
  ล็อกอิน

รายการสื่อสารสนเทศ

ลำดับที่ ประเภท เลขเรียก/บาร์โค้ด สถานที่ สถานะ
- ไม่พบข้อมูล -

รายการใกล้เคียง
    ผู้แต่ง [วรุณวรรณ ผาโคตร]

BibComment


ยังไม่เคยถูกคอมเมนท์

คอมเมนท์ทรัพยากรรายการนี้
  คอมเมนท์: ศัพท์ เทคโนโลยี..


 Copyright 2026. Bcnsprnw @Library